Figures importantes du féminisme - Statistiques

Statistiques générales
  • Ce quiz a été pris 180 fois
  • Le résultat moyen est 5 sur 15
Statistiques - réponses
Hint Réponse % Correct
Elle fait passer la loi pour l'IVG en France, qui portera son nom Simone Veil
92%
Elle écrit Le Deuxième Sexe en 1949 Simone de Beauvoir
90%
Une des pionnières du féminisme français, elle publie la Déclaration des Droits de la Femme et de la Citoyenne en 1791 Olympe de Gouges
69%
Avocate et militante féministe franco-tunisienne : elle s'illustre lors du "procès de Bobigny" Gisèle Halimi
52%
Autrice de Femme, race et classe, cette militante afro-américaine se bat contre toutes les formes de discrimination Angela Davis
35%
Militante pakistanaise pour le droit des femmes, elle obtient le prix Nobel de la paix en 2014 Malala Yousafzai
26%
Elle affirme que “Les lesbiennes ne sont pas des femmes” dans La pensée straight Monique Wittig
22%
Juge à la Cour Suprême des États-Unis qui a défendu les droits des femmes jusqu'à sa mort en 2020 Ruth Bader Ginsburg
16%
Une des figures de proue du mouvement des Suffragettes en Angleterre Emmeline Pankhurst
14%
Avocate et militante afro-américaine qui a introduit le terme "d'intersectionnalité" Kimberley Crenshaw
13%
Elle introduit le terme de "patriarcat" dans son ouvrage L'ennemi principal (1970) Christine Delphy
11%
Autrice nigériane qui lutte contre le sexisme et le racisme. Elle prononce un discours marquant en 2012 intitulé Nous sommes tous féministes. Chimamanda Ngozi Adichie
10%
Poétesse lesbienne et afro-américaine qui s'est battu pour le droit des femmes et des personnes LGBTQ+ dans son travail Audre Lorde
7%
Femme politique allemande qui met en place la journée des droits de la femme Clara Zetkin
6%
Militante anti-raciste et féministe française, autrice réalisatrice de textes et documentaires engagés Rokhaya Diallo
6%
Aucun quiz correspondant
Distribution des résultats
% des personnes avec chaque résultat
Percentile par nombre de réponses
Votre historique - résultats
Vous n’avez pas pris ce quiz